00978cam a22003494i 4500003000900000005001700009008004100026035001900067040003300086082002000119100003000139245004800169264004900217300003900266336002100305337002500326338002300351490003200374505007300406526001000479526001000489526001000499526001000509526000800519526000800527526000800535526000800543526000800551526000800559526000800567630005300575PE-LiUPU20250731173221.0150625s1972 pau r 000 0 eng d a(Sirsi) a33736 aPE-LiUPUbspacPE-LiUPUerda04a221.07bOTL2211 aVon Rad, Gerhard,eautor.10aGenesis :bA commentary /cGerhard Von Rad. 1aPensilvania :bThe Westminster press,c1972. a440 páginas ;c23 centímetros. atext2rdacontent aunmediated2rdamedia avolume2rdacarrier1 a(The Old Testament Library)0 aThe Biblical primaveral history -- The Biblical patriarchal History. aSEG42 aSEG41 aSEG40 aSEG39 aP94 aP87 aP86 aP85 aP77 aP76 aP35 aBiblia.pGénesisxCrítica e interpretación